Basutoland 1956 population census, 8th April 1956 / (Record no. 89722)
[ view plain ]
| 000 -LEADER | |
|---|---|
| fixed length control field | 00876cam9a220024100 4500 |
| 001 - CONTROL NUMBER | |
| control field | qce00240651 |
| 005 - DATE AND TIME OF LATEST TRANSACTION | |
| control field | 20190816105402.0 |
| 008 - FIXED-LENGTH DATA ELEMENTS--GENERAL INFORMATION | |
| fixed length control field | 790112s1958 sa ab 000 0 eng |
| 010 ## - LIBRARY OF CONGRESS CONTROL NUMBER | |
| LC control number | 59029951 |
| 035 ## - SYSTEM CONTROL NUMBER | |
| System control number | (Sirsi) r90867 |
| 035 ## - SYSTEM CONTROL NUMBER | |
| System control number | (QCAT)lss02199345 |
| 035 ## - SYSTEM CONTROL NUMBER | |
| System control number | (UPRA)qce00240651 |
| 040 ## - CATALOGING SOURCE | |
| Modifying agency | UPRA |
| 100 1# - MAIN ENTRY--PERSONAL NAME | |
| Personal name | Taylor, D. H., 1923- |
| Dates associated with a name | Taylor, D. H., 1923- |
| Linkage | A50276.1 |
| 245 10 - TITLE STATEMENT | |
| Title | Basutoland 1956 population census, 8th April 1956 / |
| Statement of responsibility, etc. | report by D.H. Taylor, census officer. |
| 260 ## - PUBLICATION, DISTRIBUTION, ETC. | |
| Place of publication, distribution, etc. | Maseru : Government of Basutoland, |
| Date of publication, distribution, etc. | 1958. |
| 500 ## - GENERAL NOTE | |
| General note | Two folded maps in pocket. |
| 500 ## - GENERAL NOTE | |
| General note | "Published by the Basutoland Government." |
| 651 #0 - SUBJECT ADDED ENTRY--GEOGRAPHIC NAME | |
| Geographic name | Lesotho -- Census, 1956. |
| General subdivision | Lesotho -- Census, 1956. |
| Linkage | S38968.1 |
| 710 1# - ADDED ENTRY--CORPORATE NAME | |
| Corporate name or jurisdiction name as entry element | Basutoland. Census Office. |
| Subordinate unit | Basutoland. Census Office. |
| Linkage | A50277.1 |
| 949 ## - LOCAL PROCESSING INFORMATION (OCLC) | |
| a | (O2) 1958/2 |
| w | lcc |
| m | MAIN |
| t | BOOK |
| l | ON-SHELF |
No items available.